000 00655nam a2200241Ia 4500
003 OSt
005 20220918181201.0
006 a|||||r|||| 00| 0
007 ta
008 220917b |||||||| |||| 00| 0 eng d
024 _a25,801
037 _cTextual
040 _aARTS
_cARTS
_beng
041 _2eng
_aeng
082 _aO111,1L92OrL88, N4
100 _aBrewer William. D
_958029
245 0 _aShelley-Byron conversation William. D Brewer
260 _c1994
300 _axiii,189p.
_ccm.
500 _aBib 177-83p; Includes index
942 _hO111,1L92OrL88, N4
_cTEXL
_2CC
999 _c164672
_d164672